000 00665 a2200181 4500
003 OSt
005 20180116182826.0
008 170808b xxu||||| |||| 00| 0 eng d
020 _a9780070486874
040 _c0
082 _a005.7585 BEN 2002
100 _aDaniel Benjamin
245 _aOCP Oracle 9i Databade: New Features for Administrators Exam Guide
_bPrepare for This Oracle Certified Professional Exam with the Ultimate Preparation Kit
_cDaniel Benjamin
260 _aTata McGraw Hill
_bNew Delhi
_c2002
300 _a396p.
_bpb.
440 _aOCP Oracle 9i Databade: New Features for Administrators Exam Guide
942 _aNBS
_cBK
_k005.7585 BEN 2002
_2ddc
999 _c346692
_d346692